Traditional water harvesting systems: An ecological economic survey (Record no. 41384)

MARC details
000 -LEADER
fixed length control field 00313nam a2200109Ia 4500
082 ## - DEWEY DECIMAL CLASSIFICATION NUMBER
Item number BAR
100 ## - MAIN ENTRY--AUTHOR NAME
Personal name Barah, B C
245 #0 - TITLE STATEMENT
Title Traditional water harvesting systems: An ecological economic survey
260 ## - PUBLICATION, DISTRIBUTION, ETC. (IMPRINT)
Place of publication New Delhi
Name of publisher New Age International
Year of publication 1996
942 ## - ADDED ENTRY ELEMENTS (KOHA)
Koha item type Books
Holdings
Withdrawn status Lost status Damaged status Not for loan Home library Current library Date acquired Full call number Accession Number Koha item type
        RRII Library RRII Library 16/12/2021 BAR 21671 Books